| 000 | 01173nam a22002897a 4500 | ||
|---|---|---|---|
| 999 |
_c113787 _d113787 |
||
| 003 | dpl | ||
| 005 | 20190115134012.0 | ||
| 008 | 190115b ||||| |||| 00| 0 eng d | ||
| 010 | _aB-002693 | ||
| 020 | _c95.00 | ||
| 035 | _aB-002693, B-002694 | ||
| 037 | _bCen Lib/Ret | ||
| 040 |
_aDPL _bHN _c0 |
||
| 082 |
_a821 _bधवन |
||
| 100 |
_aधवन, मधु _946919 |
||
| 245 |
_aकारगिल की ललकार : _cमधु धवन _bखण्डकाव्य / |
||
| 246 |
_aKargil ki lalkar : khandkavye / _bby Madhu Dhavan |
||
| 260 |
_aदिल्ली _bपेनमैन पब्लिशर्स _c1999 |
||
| 270 |
_bदिल्ली _a7309/5, प्रेम नगर, शक्ति नगर _e110007 |
||
| 300 |
_a84पृ. : _c21सेमी (सजिल्द) _bसचित्र |
||
| 500 | _aअनुक्रमाणिका शामिल | ||
| 650 |
_aहिन्दी -- साहित्य _953846 |
||
| 650 |
_aहिन्दी -- कविता _9779 |
||
| 650 |
_aHindi -- Literature _953847 |
||
| 650 |
_aHindi - poem _953848 |
||
| 942 |
_2ddc _cHN _h821 _mधवन |
||